000 00478nam a2200181Ia 4500
001 2415
005 20260306144805.0
008 260306t2013||||xx |||||||||||||| ||spa||
041 _aESP
082 _a616.89
_bM564
100 _aMohr, Wanda K.
_eAUT
245 0 _aPsychiatric-mental health nursing:
_bevidence-based concepts, skills, and practices
260 _c2013
300 _axix, 923 páginas :
_c28 cm.
650 _aGEN
654 _aCPS
942 _cLIB
_dJUS
_fJUS
_2ddc
_n
999 _c2415
_d2415